000 00562nam a22002057a 4500
003 OSt
005 20140310183120.0
008 130507t xxu||||| |||| 00| 0 eng d
020 _a9789712726569
050 _aDS675.8R6
_b.St775 2011
082 _2F959.9025092
_b.St21 2011
245 _aThe foods of Jose RIzal
_cSta. Maria, Felice Prudente
260 _aMandaluyong City :
_bAnvil Publishing Inc. ,
_c2011
300 _a174 p.
_c23 cm.
521 _acollege students
526 _a1210L-1700L
541 _j1
562 _e1
942 _2lcc
_cBK
999 _c18915
_d18915